Introduction á la connoissance de l'esprit humain (Record no. 185108)
[ view plain ]
| 000 -LEADER | |
|---|---|
| campo de control de longitud fija | 00853nam a2200193 i 4500 |
| 001 - NÚMERO DE CONTROL | |
| campo de control | 185108 |
| 003 - IDENTIFICADOR DE NÚMERO DE CONTROL | |
| campo de control | SpMaBN |
| 005 - FECHA Y HORA DE LA ÚLTIMA TRANSACCIÓN | |
| campo de control | 20230906222341.0 |
| 008 - DATOS DE LONGITUD FIJA--INFORMACIÓN GENERAL | |
| campo de control de longitud fija | 160322s1981 fr |||| |dfre d |
| 080 ## - NÚMERO DE LA CLASIFICACIÓN DECIMAL UNIVERSAL | |
| Número de la Clasificación Decimal Universal | 1Vauvenargues, Luc de Clapiers, Marquis de |
| 100 1# - ENTRADA PRINCIPAL--NOMBRE DE PERSONA | |
| Nombre de persona | Vauvenargues, Luc de Clapiers |
| Títulos y otros términos asociados al nombre | marquis de ( |
| Fechas asociadas al nombre | 1715-1747) |
| 9 (RLIN) | 113330 |
| 245 10 - MENCIÓN DEL TÍTULO | |
| Título | Introduction á la connoissance de l'esprit humain |
| Resto del título | : Fragments. Réflexions critiques. Réflexions et maximes. Méditation sur la foi / |
| Mención de responsabilidad, etc. | Vauvenargues ; chronologie, introduction, notes et index par Jean Dagen. |
| 250 ## - MENCION DE EDICION | |
| Mención de edición | Ed. de 1747 suivie de textes posthumes et de textes retranchés. |
| 260 ## - PUBLICACIÓN, DISTRIBUCIÓN, ETC. | |
| Lugar de publicación, distribución, etc. | Paris : |
| Nombre del editor, distribuidor, etc. | Flammarion, |
| Fecha de publicación, distribución, etc. | [1981] |
| 300 ## - DESCRIPCIÓN FÍSICA | |
| Extensión | 456 p. ; |
| Dimensiones | 18 cm. |
| 504 ## - NOTA DE BIBLIOGRAFÍA, ETC. | |
| Nota de bibliografía, etc. | Bibliografía: p. [51]-52. |
| 700 1# - ENTRADA AGREGADA--NOMBRE PERSONAL | |
| Nombre de persona | Dagen, Jean. |
| 9 (RLIN) | 159186 |
| 852 ## - LOCALIZACIÓN | |
| Ubicación | ES-MaACL |
| Número de control de estantería | L-30280 |
| Nota libre | . - Donat. Miguel A. Velasco |
| Estatus retirado | Estado de pérdida | Estado de daño | No para préstamo | Biblioteca de origen | Biblioteca actual | Ubicación en estantería | Fecha de adquisición | Fuente de adquisición | Total de préstamos | Signatura topográfica completa | Código de barras | Visto por última vez | Precio de reemplazo | Tipo de ítem Koha |
|---|---|---|---|---|---|---|---|---|---|---|---|---|---|---|
| Biblioteca del Ateneo de Madrid | Biblioteca del Ateneo de Madrid | Depósito 2 | 22/03/2016 | L-30280 | 1194980 | 23/02/2023 | 23/02/2023 | Libro impreso |
